One Piece quiz ultime 2 - Arc Orange Town - Statistiques

Statistiques générales
  • Ce quiz a été pris 32 fois
    18 depuis la dernière actualisation
  • Le résultat moyen est 32 sur 76
Statistiques - réponses
Question Réponse % Correct
Combien d'équilibristes s'attaquent à Nami ? 4
85%
En combien de morceaux Baggy est-il découpé par Zoro ? 4
85%
Quelle partie du corps de Baggy ne peut pas voler ? Ses pieds
85%
De quelle partie du corps de Baggy ne faut-il pas rigoler ? Son nez
85%
Quel arme utilise Nami ? Un bâton
85%
Dans quoi Luffy se retrouve-t-il enfermé ? Une cage
85%
Quel âge a Nami ? 18 ans
77%
Quel est le trésor de Luffy ? Son chapeau
77%
Combien vaut un fruit du démon selon Shanks ? 100.000.000
69%
Quel est le montant de la prime de Baggy ? 15.000.000
69%
Combien de naufragés Zoro récupère-t-il ? 3
69%
Comment s'appelle le boulet de canon de Baggy ? Baggy Ball
69%
Qui avale la clé de la cage de Luffy ? Chouchou
69%
Quel fruit du démon Baggy a-t-il mangé ? Fruit de la Fragmentation / Bara Bara no Mi
69%
Qu'a volé Nami à Baggy ? La carte de Grand Line
69%
Comment est surnommé Baggy ? Le clown
69%
Que déteste le plus au monde Nami ? Les pirates
69%
Quel est le rôle de Boodle dans la ville ? Maire
69%
Quel est le trésor de Chouchou ? Son magasin
69%
Quel moyen de transport utilise Cabaji ? Un monocycle
69%
Quelle somme doit réunir Nami ? 100.000.000
62%
De quoi le maître de Chouchou est-il mort ? De maladie
62%
Quelles armes utilise Baggy ? Des couteaux
62%
Que crache Cabaji sur Zoro ? Du feu
62%
Quelle technique utilise Luffy pour renvoyer le boulet ? Gum Gum Balloon / Gomu Gomu no Fuusen
62%
Que fait Luffy à Boodle pour éviter de l'avoir dans les pattes ? Il l'assomme
62%
À cause de qui ont-ils fini naufragés ? Nami
62%
Qui met un terme à la dispute entre Shanks et Baggy ? Silvers Rayleigh
62%
Selon Baggy ses boulets sont capable de détruire quoi ? Une ville
62%
Quel animal Luffy essai-t-il d'attraper pour le manger ? Un oiseau
62%
Depuis combien de temps le magasin de Chouchou existe ? 10 ans
54%
À quoi Baggy est-il insensible ? Aux lames
54%
Quelles armes sont cachées dans les chaussures de Baggy ? Des lames
54%
Qu'a fait tomber Baggy dans la mer à cause de Shanks ? Sa carte au trésor
54%
Quelle somme vaut le trésor de Baggy selon Nami ? 10.000.000
46%
Chez qui Zoro se repose-t-il ? Boodle
46%
Quelle technique utilise Luffy pour vaincre Baggy ? Gum Gum Bazooka / Gomu Gomu no Bazooka
46%
Quelles sont les deux seules choses qu'aime Nami ? L'argent et les mandarines
46%
Quel est le trésor de Boodle ? La ville et ses habitants
46%
Quelle est le surnom de Morge ? Le dresseur de fauves
46%
Qui Cabaji a-t-il utilisé comme bouclier contre l'explosion ? Richie
46%
Quelle somme Luffy a-t-il laissé au Maire pour reconstruire la ville ? 5.000.000
38%
Quelles projectiles Cabaji lance sur Zoro ? Des toupies
38%
Que Nami a-t-elle fait de la plupart des membres du corps de Baggy ? Elle les a ligotés
38%
Quelle est l'expression préférée de Baggy ? En grande pompe
38%
Quelle est l'activité de Nami ? Voleuse de pirates
38%
Où Luffy frappe Baggy lorsque qu'il s'attaque à Nami ? Dans son entrejambe
31%
Avec quelle technique Zoro bat Cabaji ? Demon Slash / Oni Giri
31%
Qu'a fait Baggy avec le chapeau de Luffy ? Il l'a abîmé
31%
Quel est le surnom de Cabaji ? L'acrobate
31%
Le costume de Morge est en réalité... Ses cheveux
31%
Que veut acheter Nami ? Un village
31%
Depuis combien de temps le maître de Chouchou est-il mort ? 3 mois
23%
Où Cabaji avait-il rangé son sabre ? Dans sa bouche
23%
Avec quoi Baggy élimine un de ses hommes ? Un canon
23%
Pourquoi Zoro est-il devenu chasseur de primes ? Car il s'est perdu
15%
Que fait Zoro pour éviter que Cabaji frappe sa blessure ? Il se blesse lui-même
15%
Qui Zoro veut-il engager dans l'équipage ? Un navigateur
15%
Depuis combien de temps Orange Town existe ? 40 ans
8%
Quel est le nom du navire de Baggy ? Big Top
8%
Pourquoi Nami déteste les pirates ? Car ils ont tué un être cher
8%
Quelle technique de Baggy consiste à faire voler toutes les parties de son corps ? Fragmentation Festival / Bara Bara Festival
8%
Quelle technique de Baggy consiste à lancer ses jambes comme un frisbee ? Fragment Frisbee / Bara Bara Sembei
8%
Quelle technique Baggy utilise-t-il contre Zoro ? Fragment Punch / Bara Bara Ho
8%
Quelle technique Luffy utilise-t-il, qui force Baggy à détacher sa tête ? Gum Gum Faucille / Gomu Gomu no Kama
8%
Quelle technique Luffy utilise-t-il pour battre Richie ? Gum Gum Marteau / Gomu Gomu no Tonkachi
8%
Comment s'appelle le maître de Chouchou Hocker
8%
Quel était le sujet de la dispute entre Shanks et Baggy ? Lequel du pôle nord ou du pôle sud est le plus froid
8%
Quelle est la seule chose qui reste du magasin de Chouchou ? Une boîte
8%
Quel rôle occupe Cabaji dans l'équipage de Baggy ? Chef d'état-major
0%
Sur le toit de quelle taverne Baggy a établie sa base ? Drinker Pub / Les Soiffards
0%
Quelle technique de Baggy consiste à juste détacher sa tête ? Fragmentation d'Urgence / Bara Bara Kinkyuu Dasutsu
0%
Qui attendait Nami sur son bateau ? Funambules Brothers
0%
Comment s'appelle le magasin pour animaux ? Pet Food Shop
0%
Sur quelle archipel se trouve Orange Town ? Sur l'Archipel des Orgao / Archipel des Organ
0%
Qui Luffy veut-il aussi engager ? Un cuisinier et un musicien
0%
Aucun quiz correspondant
Distribution des résultats
% des personnes avec chaque résultat
Percentile par nombre de réponses
Votre historique - résultats
Vous n’avez pas pris ce quiz depuis la dernière actualisation